Luis Fonsi ft. Daddy Yankee - Despacito (Letra/Lyrics) - Estadísticas

Estadísticas generales
  • Esta prueba ha sido intentada 450 veces
  • La puntuación promedio es 302 de 446
Estadísticas de respuestas
Respuesta % Correcto
a
97%
de
96%
Despacito
95%
despacito
95%
y
94%
Y
94%
tu
93%
Tú,
93%
93%
que
92%
Que
92%
Sí,
92%
si
92%
Si
92%
mi
89%
no,
89%
no
89%
con
88%
Me
88%
me
88%
te
87%
es
86%
Quiero
86%
quiero
86%
Quiero,
86%
quiero,
86%
el
85%
pa'
84%
yo
84%
Yo
84%
se
83%
83%
un
83%
ti
81%
sabe
80%
está
79%
bailar
78%
ya
78%
Ya,
78%
eres
77%
la
77%
¡Ay!
76%
"¡Ay,
76%
lo
76%
sabes
76%
Sabes
76%
soy
76%
Tengo
76%
tengo
76%
metal
75%
contigo
74%
¡Fonsi!
73%
(Fonsi)
73%
¡Oh!
73%
(Oh,
73%
voy
73%
llevo
72%
Llevo
72%
mirándote
72%
Oh,
72%
oh,
72%
oh
72%
hoy
71%
imán
71%
más
71%
cuerpo
69%
rato
69%
Tus
69%
tus
69%
conmigo
68%
en
68%
sin
68%
al
67%
normal
67%
suave
67%
Suave
67%
plan
66%
estás
65%
hace
65%
Para
65%
para
65%
Pasito
65%
pasito
65%
pasito,
65%
vamo'
65%
Vamo'
65%
oído
64%
poquito
64%
suavecito
64%
todo
64%
Vi
64%
beso
63%
¡D.Y.!
63%
(¡D.Y.!)
63%
(D.Y.)
63%
le
63%
Ven,
63%
acercando
62%
cosas
62%
mirada
62%
mis
62%
Nos
62%
respirar
62%
boca
61%
camino
61%
cuello
61%
hay
61%
armando
60%
diga
60%
las
60%
pulso
60%
yeah!
60%
yeah)
60%
estaba
59%
gustando
59%
apuro
58%
(Favorito',
58%
favorito',
58%
llamándome
58%
pidiendo
58%
Todos
58%
ver
58%
acelera
56%
manuscrito
56%
ningún
56%
pegando,
56%
van
56%
Esto
55%
esto
55%
lugares
55%
Muéstrame
55%
sentidos
55%
Deja
54%
Hasta
54%
Sólo
54%
esa
53%
ser
53%
apellido
52%
baby)
52%
corazón
52%
laberinto
52%
favoritos
51%
hacer
51%
bam-bam
50%
dámelo,
50%
olvides
50%
enseñes
49%
gritos
49%
pensándolo
49%
pensarlo
49%
ritmo
49%
tiempo
49%
acuerdes
48%
peligro
48%
cómo
47%
pido
47%
delicadeza
46%
intentándolo
46%
tomarlo
46%
Cuando
45%
pelo,
45%
vamos
45%
besas
44%
besos
44%
dar
44%
Déjame
44%
provocar
44%
belleza
43%
lento,
43%
salvaje
43%
una
43%
viaje
43%
buscando
42%
después
42%
zonas
42%
amor
41%
Bendito!"
41%
pieza
41%
Puerto Rico
41%
rompecabezas
41%
aquí
40%
paredes
40%
sobrepasar
40%
olas
39%
playa
39%
prisa,
39%
cuánto
38%
destreza
38%
Empezamos
38%
Pero
38%
beba
36%
Mami,
36%
Daddy,
35%
desnudarte
35%
griten:
35%
malicia
35%
prueba
34%
(Sube,
34%
sube,
34%
sube)
34%
go!
29%
¡Oye!
27%
hacerlo
26%
montarlo
25%
Firmar
24%
quede
23%
¡Hey,
21%
Veo
20%
dando
17%
dándolo
15%
(¡Báilalo!)
12%
sello
11%
No se encontraron pruebas coincidentes
Distribución de puntuación
Porcentaje de gente con cada puntuación
Porcentaje por número respondido
Historial de tus puntuaciones
No has intentado esta prueba.